Corrections compendium

Bibliographic Details
Corporate Author: American Correctional Association
Format: Unknown
Language:English
Published: Lanham, MD, Estados Unidos : American Correctional Association
Subjects:
Online Access:Acceso restringido

MARC

LEADER 00000ny a22000003n 4500
003 UkOxU
005 20110511125915.0
006 m d
007 cr |n|||||||||
008 091216s 000 a eng d
022 0 |a 0738-8144 
035 |a 2974 
040 |d vLex 
090 |c 1665  |d 1665 
245 0 0 |a Corrections compendium  |h [Recurso electrn̤ico] 
256 |a Servicio en ln̕ea 
260 |a Lanham, MD, Estados Unidos :  |b American Correctional Association 
310 |a Bimestral 
506 1 |a Contenido solo disponible en los productos indicados  |d vLex Global  |d vLex Global (Academic Edition, excluding Law Schools)  |d vLex Global (Academic Edition, Law Schools) 
650 0 4 |a Correccionales  |z Estados Unidos  |x Publicaciones perid̤icas 
650 0 4 |a Law enforcement and corrections 
650 0 4 |a Law 
710 2 |a American Correctional Association 
740 0 |a vLex Revista (Servicios en ln̕ea) 
843 |a Electrn̤ica. Abierta 
853 |8 1  |i (year)  |j (month)  |k (day) 
856 4 0 |u http://vlex.com/source/2974  |z Acceso restringido 
942 |c REV 
999 0 |a Corrections  |z United States  |v Periodicals.